Normal view
MARC view
Entry Término temático
001 - NÚMERO DE CONTROL
- campo de control: 138211
003 - IDENTIFICADOR DEL NÚMERO DE CONTROL
- campo de control: OSt
005 - FECHA Y HORA DE LA ÚLTIMA TRANSACCIÓN
- campo de control: 20220127155846.0
008 - DATOS DE LONGITUD FIJA
- campo de control de longitud fija: 220127|| aca||aabn | a|a d
040 ## - FUENTE DE LA CATALOGACIÓN
- Centro catalogador/agencia de origen: OSt
- Centro/agencia transcriptor: OSt
150 ## - ENCABEZAMIENTO--TÉRMINO DE MATERIA
- Término de materia o nombre geográfico como elemento de entrada: Semillas
- Subdivisión general: Certificación I. Vázquez Sandoval, Francisco II. UACH. Departamento de Zootecnia III.t.: Semilla de guaje
670 ## - FUENTE DE DATOS ENCONTRADOS
- Cita de la fuente: Work cat.: (OSt)164130: Márquez Hinojosa, Martín 76318, Fertilización fosfórica sobre producción y calidad de la semilla en guaje (Leucaena leucocephala) var. Perú /, 1991
